Siderit sa chystá recyklovať železiarsky odpad z Košíc

Bibliographic Details
Format: Article
Language:Slovak
PhysicalDescription:Fotogr.
ISSN:1335-7581
Subjects:

MARC

LEADER 00000nab a2200000 a 4500
001 vtls008426463
003 SK-MaSNL
005 20260303065937.0
008 060126c20060113xo mr| 0 0slo
038 |a RVGKPD 
040 |a RVGKPD  |b slo  |c RVGKPD  |e AACR2 
041 0 |a slo 
044 |a xo  |c SK 
080 |a 622.341  |2 UDC-MRF-SK2 
245 0 0 |a Siderit sa chystá recyklovať železiarsky odpad z Košíc  |c [autor] (zub) 
300 |b Fotogr. 
610 2 7 |a Siderit (Nižná Slaná, Slovensko)  |2 rvgkpd 
651 7 |a Nižná Slaná (Slovensko)  |2 rvgkpd  |9 29467 
651 7 |a Rožňava (Slovensko)  |2 rvgkpd  |9 17394 
773 0 |t Korzár : Gemerský denník  |g Roč. VIII, č. 10 (13.1.2006), s. 1  |x 1335-7581 
852 |a RVGKPD  |b KIS3G 
992 |a RBX 
999 |c 1753357  |d 1755287